Countries: No Vowels - Statistics

General Stats
  • This quiz has been taken 162 times
  • The average score is 11 of 15
Answer Stats
Consonants Country % Correct
CHN CHINA
100%
FRNC FRANCE
100%
MXC MEXICO
100%
NW ZLND NEW ZEALAND
100%
GRC GREECE
94%
SRLNK SRI LANKA
93%
MNTNGR MONTENEGRO
85%
TRNDDNDTBG TRINIDAD AND TOBAGO
78%
TNS TUNISIA
71%
VTCNCT VATICAN CITY
70%
RGNTN ARGENTINA
66%
CLND ICELAND
59%
STHKR SOUTH KOREA
46%
KRN UKRAINE
41%
NTDSTTS UNITED STATES
31%
No matching quizzes found
Score Distribution
Percent of People with Each Score
Percentile by Number Answered
Your Score History
You have not taken this quiz